Statistics for Tarco Air-Khartoum

Click here to take the quiz!

General Stats

  • This quiz has been taken 5 times
  • The average score is 9 of 14

Answer Stats

Country Airport % Correct
EgyptCairo
100%
JordanAmman
100%
KuwaitKuwait City
100%
Saudi ArabiaJeddah
100%
Saudi ArabiaRiyadh
100%
ChadN'Djamena
67%
EritreaAsmara
67%
NigeriaKano
67%
Saudi ArabiaDammam
67%
South SudanJuba
67%
SudanNyala
33%
SudanPort Sudan
33%
SudanEl Fasher
0%
SudanGeneina
0%

Score Distribution

Percentile by Number Answered

Percent of People with Each Score

Your Score History

You have not taken this quiz